000 00567 a2200181 4500
999 _c135
_d135
008 210811b ||||| |||| 00| 0 eng d
020 _a9780521867832
082 0 0 _a551.46015118
_bG5661
100 _aGlover, David M.
245 _aModeling methods for marine science /
_cby David M. Glover, William J. Jenkins and Scott C. Doney
250 _a1st ed.
260 _aNew York:
_bCambridge University Press,
_c2011.
300 _axv, 571 p.
650 0 _aMarine Sciences
700 _95133
_aJenkins, William J.
700 _95134
_aDoney, Scott C.
942 _2ddc
_cBK